[Event "Stay Safe Play From Home 152"]
[Site "T#646138Emanuel Laske"]
[Date "2020.05.17"]
[Round "7"]
[White "Haris kollari 13"]
[Black "MartinKestler"]
[Result "0-1"]
[WhiteElo "1697"]
[BlackElo "1932"]
[Annotator "NA"]
[PlyCount "82"]
[EventDate "2020.05.17"]
[EventType "swiss (blitz)"]

1. e4 {[%emt 0:00:01]} e6 {[%emt 0:00:00]} 2. Nf3 {[%emt 0:00:01]} d5 {[%emt 0:00:00]} 3. exd5 {[%emt 0:00:00]} exd5 {[%emt 0:00:00]} 4. d4 {[%emt 0:00:00]} Nf6 {[%emt 0:00:01]} 5. Bf4 {[%emt 0:00:01]} Be7 {[%emt 0:00:00]} 6. Bd3 {[%emt 0:00:01]} O-O {[%emt 0:00:00]} 7. O-O {[%emt 0:00:01]} b6 {[%emt 0:00:01]} 8. c3 {[%emt 0:00:01]} Bb7 {[%emt 0:00:00]} 9. Nbd2 {[%emt 0:00:01]} Nbd7 {[%emt 0:00:00]} 10. Rc1 {[%emt 0:00:01]} c6 {[%emt 0:00:00]} 11. Re1 {[%emt 0:00:01]} c5 {[%emt 0:00:01]} 12. Bb1 {[%emt 0:00:01]} Re8 {[%emt 0:00:01]} 13. Nb3 {[%emt 0:00:03]} c4 {[%emt 0:00:01]} 14. Nbd2 {[%emt 0:00:01]} a6 {[%emt 0:00:00]} 15. Qc2 {[%emt 0:00:01]} b5 {[%emt 0:00:00]} 16. Ne5 {[%emt 0:00:01]} g6 {[%emt 0:00:00]} 17. h3 {[%emt 0:00:04]} a5 {[%emt 0:00:01]} 18. Ndf3 {[%emt 0:00:02]} b4 {[%emt 0:00:01]} 19. Qd2 {[%emt 0:00:02]} bxc3 {[%emt 0:00:01]} 20. bxc3 {[%emt 0:00:01]} Rb8 {[%emt 0:00:00]} 21. Nxd7 {[%emt 0:00:02]} Nxd7 {[%emt 0:00:01]} 22. Bxb8 {[%emt 0:00:01]} Qxb8 {[%emt 0:00:00]} 23. Qh6 {[%emt 0:00:07]} Bf8 {[%emt 0:00:01]} 24. Rxe8 {[%emt 0:00:02]} Qxe8 {[%emt 0:00:00]} 25. Qg5 {[%emt 0:00:01]} Bg7 {[%emt 0:00:01]} 26. Re1 {[%emt 0:00:02]} Qf8 {[%emt 0:00:01]} 27. Qe7 {[%emt 0:00:02]} Qxe7 {[%emt 0:00:03]} 28. Rxe7 {[%emt 0:00:01]} Nb6 {[%emt 0:00:02]} 29. Rxb7 {[%emt 0:00:01]} Na4 {[%emt 0:00:00]} 30. Rb8+ {[%emt 0:00:04]} Bf8 {[%emt 0:00:02]} 31. Ne5 {[%emt 0:00:01]} f6 {[%emt 0:00:02]} 32. Nd7 {[%emt 0:00:02]} Kf7 {[%emt 0:00:00]} 33. Nxf8 {[%emt 0:00:01]} Nxc3 {[%emt 0:00:01]} 34. Bc2 {[%emt 0:00:01]} Nxa2 {[%emt 0:00:01]} 35. Nxh7 {[%emt 0:00:00]} Nc3 {[%emt 0:00:01]} 36. Rb7+ {[%emt 0:00:01]} Ke8 {[%emt 0:00:01]} 37. Nxf6+ {[%emt 0:00:01]} Kd8 {[%emt 0:00:03]} 38. Rd7+ {[%emt 0:00:01]} Kc8 {[%emt 0:00:01]} 39. Ra7 {[%emt 0:00:00]} Ne2+ {[%emt 0:00:01]} 40. Kf1 {[%emt 0:00:01]} Nxd4 {[%emt 0:00:00]} 41. Ba4 {[%emt 0:00:02]} Kb8 {[%emt 0:00:00] Time (Lag: Av=0.62s, max=1.3s)} 0-1

[Event "Stay Safe Play From Home 152"]
[Site "T#646138Emanuel Laske"]
[Date "2020.05.17"]
[Round "7"]
[White "UHU4"]
[Black "Trotsky"]
[Result "1-0"]
[WhiteElo "1481"]
[BlackElo "1589"]
[Annotator "NA"]
[PlyCount "41"]
[EventDate "2020.05.17"]
[EventType "swiss (blitz)"]

1. e4 {[%emt 0:00:03]} c5 {[%emt 0:00:01]} 2. d4 {[%emt 0:00:02]} e6 {[%emt 0:00:00]} 3. d5 {[%emt 0:00:02]} d6 {[%emt 0:00:02]} 4. Nf3 {[%emt 0:00:02]} Be7 {[%emt 0:00:01]} 5. Bd3 {[%emt 0:00:02]} Qc7 {[%emt 0:00:01]} 6. c4 {[%emt 0:00:02]} Nf6 {[%emt 0:00:02]} 7. Nc3 {[%emt 0:00:02]} a6 {[%emt 0:00:02]} 8. Bg5 {[%emt 0:00:03]} Nbd7 {[%emt 0:00:01]} 9. Qd2 {[%emt 0:00:01]} b6 {[%emt 0:00:01]} 10. O-O {[%emt 0:00:01]} Bb7 {[%emt 0:00:01]} 11. Bh4 {[%emt 0:00:01]} Rd8 {[%emt 0:00:01]} 12. Bg3 {[%emt 0:00:01]} O-O {[%emt 0:00:01]} 13. Rfe1 {[%emt 0:00:02]} Kh8 {[%emt 0:00:01]} 14. e5 {[%emt 0:00:01]} dxe5 {[%emt 0:00:01]} 15. Nxe5 {[%emt 0:00:03]} Bd6 {[%emt 0:00:03]} 16. f4 {[%emt 0:00:07]} Ng8 {[%emt 0:00:07]} 17. Qe2 {[%emt 0:00:02]} f6 {[%emt 0:00:01]} 18. Qh5 {[%emt 0:00:02]} g6 {[%emt 0:00:04]} 19. Nxg6+ {[%emt 0:00:01]} Kg7 {[%emt 0:00:04]} 20. Nxf8 {[%emt 0:00:02]} Rxf8 {[%emt 0:00:01]} 21. Qxh7# {[%emt 0:00:01] (Lag: Av=0.44s, max=0.5s)} 1-0

[Event "Stay Safe Play From Home 152"]
[Site "T#646138Emanuel Laske"]
[Date "2020.05.17"]
[Round "8"]
[White "Mepe_Nika"]
[Black "Don59as"]
[Result "1-0"]
[WhiteElo "2314"]
[BlackElo "2058"]
[Annotator "NA"]
[PlyCount "101"]
[EventDate "2020.05.17"]
[EventType "swiss (blitz)"]

1. c4 {[%emt 0:00:01]} e5 {[%emt 0:00:01]} 2. g3 {[%emt 0:00:01]} d6 {[%emt 0:00:01]} 3. Bg2 {[%emt 0:00:01]} g6 {[%emt 0:00:00]} 4. Nc3 {[%emt 0:00:01]} Bg7 {[%emt 0:00:01]} 5. b4 {[%emt 0:00:01]} Ne7 {[%emt 0:00:01]} 6. b5 {[%emt 0:00:01]} O-O {[%emt 0:00:01]} 7. h4 {[%emt 0:00:01]} h5 {[%emt 0:00:02]} 8. Rb1 {[%emt 0:00:01]} a6 {[%emt 0:00:01]} 9. a4 {[%emt 0:00:01]} axb5 {[%emt 0:00:02]} 10. axb5 {[%emt 0:00:00]} Nd7 {[%emt 0:00:01]} 11. d3 {[%emt 0:00:01]} Nc5 {[%emt 0:00:01]} 12. Bg5 {[%emt 0:00:01]} f6 {[%emt 0:00:02]} 13. Bd2 {[%emt 0:00:01]} Be6 {[%emt 0:00:01]} 14. Qc1 {[%emt 0:00:01]} Rb8 {[%emt 0:00:02]} 15. Bh6 {[%emt 0:00:01]} Nf5 {[%emt 0:00:01]} 16. Bxg7 {[%emt 0:00:01]} Kxg7 {[%emt 0:00:00]} 17. Nf3 {[%emt 0:00:01]} Nd4 {[%emt 0:00:01]} 18. O-O {[%emt 0:00:02]} Nxf3+ {[%emt 0:00:02]} 19. Bxf3 {[%emt 0:00:00]} Qd7 {[%emt 0:00:01]} 20. Nd5 {[%emt 0:00:02]} Bg4 {[%emt 0:00:01]} 21. Bxg4 {[%emt 0:00:05]} hxg4 {[%emt 0:00:00]} 22. Rd1 {[%emt 0:00:04]} Rh8 {[%emt 0:00:01]} 23. d4 {[%emt 0:00:02]} Ne4 {[%emt 0:00:01]} 24. dxe5 {[%emt 0:00:03]} fxe5 {[%emt 0:00:02]} 25. Nc3 {[%emt 0:00:01]} Nf6 {[%emt 0:00:04]} 26. c5 {[%emt 0:00:04]} Qf5 {[%emt 0:00:02]} 27. cxd6 {[%emt 0:00:01]} cxd6 {[%emt 0:00:02]} 28. Rxd6 {[%emt 0:00:01]} g5 {[%emt 0:00:01]} 29. Qxg5+ {[%emt 0:00:04]} Qxg5 {[%emt 0:00:01]} 30. hxg5 {[%emt 0:00:00]} Nh5 {[%emt 0:00:03]} 31. Ne4 {[%emt 0:00:01]} Rhd8 {[%emt 0:00:02]} 32. Rbd1 {[%emt 0:00:01]} Rxd6 {[%emt 0:00:01]} 33. Rxd6 {[%emt 0:00:00]} Rc8 {[%emt 0:00:02]} 34. Rh6 {[%emt 0:00:01]} Nf4 {[%emt 0:00:01]} 35. gxf4 {[%emt 0:00:01]} exf4 {[%emt 0:00:00]} 36. Rf6 {[%emt 0:00:01]} Rc4 {[%emt 0:00:01]} 37. Rxf4 {[%emt 0:00:01]} Rc1+ {[%emt 0:00:01]} 38. Kg2 {[%emt 0:00:01]} Rb1 {[%emt 0:00:00]} 39. Nd6 {[%emt 0:00:02]} Rxb5 {[%emt 0:00:00]} 40. Nxb5 {[%emt 0:00:01]} Kg6 {[%emt 0:00:00]} 41. Rxg4 {[%emt 0:00:00]} Kf5 {[%emt 0:00:01]} 42. Kg3 {[%emt 0:00:01]} Kg6 {[%emt 0:00:01]} 43. f4 {[%emt 0:00:01]} Kg7 {[%emt 0:00:00]} 44. g6 {[%emt 0:00:00]} Kg8 {[%emt 0:00:01]} 45. g7 {[%emt 0:00:00]} b6 {[%emt 0:00:01]} 46. e4 {[%emt 0:00:00]} Kf7 {[%emt 0:00:01]} 47. g8=Q+ {[%emt 0:00:00]} Ke7 {[%emt 0:00:00]} 48. Qg6 {[%emt 0:00:02]} Kd7 {[%emt 0:00:01]} 49. Rh4 {[%emt 0:00:00]} Ke7 {[%emt 0:00:01]} 50. Rh7+ {[%emt 0:00:00]} Kf8 {[%emt 0:00:00]} 51. Qg7+ {[%emt 0:00:01] Don59as resigns (Lag: Av=0.52s, max=1.1s)} 1-0

[Event "Stay Safe Play From Home 152"]
[Site "T#646138Emanuel Laske"]
[Date "2020.05.17"]
[Round "8"]
[White "SoulofWolf"]
[Black "Indianquant"]
[Result "1-0"]
[WhiteElo "2158"]
[BlackElo "2247"]
[Annotator "RC"]
[PlyCount "121"]
[EventDate "2020.05.17"]
[EventType "swiss (blitz)"]

1. d4 {[%emt 0:00:00]} Nf6 {[%emt 0:00:01]} 2. Nf3 {[%emt 0:00:00]} e6 {[%emt 0:00:00]} 3. e3 {[%emt 0:00:01]} b6 {[%emt 0:00:01]} 4. c4 {[%emt 0:00:00]} Bb7 {[%emt 0:00:01]} 5. Nbd2 {[%emt 0:00:00]} c5 {[%emt 0:00:02]} 6. b3 {[%emt 0:00:02]} cxd4 {[%emt 0:00:01]} 7. Nxd4 {[%emt 0:00:00]} Bb4 {[%emt 0:00:02]} 8. Bb2 {[%emt 0:00:01]} Ne4 {[%emt 0:00:01]} 9. N4f3 {[%emt 0:00:03]} O-O {[%emt 0:00:03]} 10. Qc2 {[%emt 0:00:01]} d5 {[%emt 0:00:01]} 11. a3 {[%emt 0:00:01]} Bxd2+ {[%emt 0:00:02]} 12. Nxd2 {[%emt 0:00:00]} Nxd2 {[%emt 0:00:01]} 13. Qxd2 {[%emt 0:00:01]} dxc4 {[%emt 0:00:01]} 14. Qxd8 {[%emt 0:00:01]} Rxd8 {[%emt 0:00:01]} 15. Bxc4 {[%emt 0:00:01]} Nc6 {[%emt 0:00:01]} 16. Rf1 {[%emt 0:00:02]} Na5 {[%emt 0:00:00]} 17. f3 {[%emt 0:00:03]} Nxc4 {[%emt 0:00:02]} 18. bxc4 {[%emt 0:00:00]} Rac8 {[%emt 0:00:01]} 19. Rc1 {[%emt 0:00:03]} Ba6 {[%emt 0:00:00]} 20. Rf2 {[%emt 0:00:01]} Rxc4 {[%emt 0:00:00]} 21. Rfc2 {[%emt 0:00:01]} b5 {[%emt 0:00:04]} 22. a4 {[%emt 0:00:01]} Rxc2 {[%emt 0:00:03]} 23. Rxc2 {[%emt 0:00:02]} bxa4 {[%emt 0:00:00]} 24. Bd4 {[%emt 0:00:01]} Bb5 {[%emt 0:00:02]} 25. Rc7 {[%emt 0:00:01]} a6 {[%emt 0:00:02]} 26. f4 {[%emt 0:00:02]} h5 {[%emt 0:00:01]} 27. h4 {[%emt 0:00:03]} Rd7 {[%emt 0:00:01]} 28. Rc8+ {[%emt 0:00:01]} Kh7 {[%emt 0:00:01]} 29. Rc3 {[%emt 0:00:00]} Kg6 {[%emt 0:00:01]} 30. Kf2 {[%emt 0:00:01]} f6 {[%emt 0:00:01]} 31. g3 {[%emt 0:00:02]} Rd6 {[%emt 0:00:03]} 32. Ra3 {[%emt 0:00:03]} Rc6 {[%emt 0:00:01]} 33. Ke1 {[%emt 0:00:03]} Rc2 {[%emt 0:00:01]} 34. Rc3 {[%emt 0:00:05]} Rxc3 {[%emt 0:00:01]} 35. Bxc3 {[%emt 0:00:00]} Kf5 {[%emt 0:00:00]} 36. Kf2 {[%emt 0:00:01]} Ke4 {[%emt 0:00:00]} 37. Bb2 {[%emt 0:00:01]} Bc6 {[%emt 0:00:03]} 38. Ba1 {[%emt 0:00:02]} Bd5 {[%emt 0:00:01]} 39. Ke2 {[%emt 0:00:00]} Bc4+ {[%emt 0:00:01]} 40. Kf2 {[%emt 0:00:03]} Kd3 {[%emt 0:00:01]} 41. Kf3 {[%emt 0:00:01]} Bd5+ {[%emt 0:00:00]} 42. Kf2 {[%emt 0:00:00]} Kc2 {[%emt 0:00:01]} 43. Bd4 {[%emt 0:00:01]} a3 {[%emt 0:00:01]} 44. g4 {[%emt 0:00:00]} hxg4 {[%emt 0:00:01]} 45. Kg3 {[%emt 0:00:00]} f5 {[%emt 0:00:01]} 46. h5 {[%emt 0:00:01]} e5 {[%emt 0:00:02]} 47. Bxe5 {[%emt 0:00:01]} a2 {[%emt 0:00:01]} 48. Bxg7 {[%emt 0:00:01]} Bf7 {[%emt 0:00:00]} 49. h6 {[%emt 0:00:01]} Bg8 {[%emt 0:00:00]} 50. e4 {[%emt 0:00:02]} Kb1 {[%emt 0:00:00]} 51. exf5 {[%emt 0:00:00]} a1=Q {[%emt 0:00:01]} 52. Bxa1 {[%emt 0:00:01]} Kxa1 {[%emt 0:00:00]} 53. Kxg4 {[%emt 0:00:00]} Bh7 {[%emt 0:00:01]} 54. Kg5 {[%emt 0:00:00]} Bxf5 {[%emt 0:00:01]} 55. Kxf5 {[%emt 0:00:00]} a5 {[%emt 0:00:00]} 56. Kf6 {[%emt 0:00:00]} a4 {[%emt 0:00:00]} 57. f5 {[%emt 0:00:00]} a3 {[%emt 0:00:00]} 58. Kg6 {[%emt 0:00:00]} Kb1 {[%emt 0:00:00]} 59. f6 {[%emt 0:00:00]} a2 {[%emt 0:00:00]} 60. Kg7 {[%emt 0:00:00]} a1=Q {[%emt 0:00:00]} 61. Kf7 {[%emt 0:00:00] Time (Lag: Av=0.56s, max=1.1s)} 1-0

[Event "Stay Safe Play From Home 152"]
[Site "T#646138Emanuel Laske"]
[Date "2020.05.17"]
[Round "8"]
[White "Little champs"]
[Black "Mandy"]
[Result "1-0"]
[WhiteElo "2125"]
[BlackElo "942"]
[PlyCount "23"]
[EventDate "2020.05.17"]
[EventType "swiss (blitz)"]

1. d4 {[%emt 0:00:03]} d5 {[%emt 0:00:02]} 2. e3 {[%emt 0:00:00]} c6 {[%emt 0:00:01]} 3. Nf3 {[%emt 0:00:00]} Bf5 {[%emt 0:00:02]} 4. c4 {[%emt 0:00:00]} Nf6 {[%emt 0:00:02]} 5. Nc3 {[%emt 0:00:00]} e6 {[%emt 0:00:02]} 6. Qb3 {[%emt 0:00:01]} g6 {[%emt 0:00:02]} 7. cxd5 {[%emt 0:00:01]} cxd5 {[%emt 0:00:11]} 8. Qxb7 {[%emt 0:00:01]} Ne4 {[%emt 0:00:08]} 9. Qxa8 {[%emt 0:00:01]} Nxf2 {[%emt 0:00:22]} 10. Bb5+ {[%emt 0:00:03]} Ke7 {[%emt 0:00:05]} 11. Kxf2 {[%emt 0:00:01]} Bd3 {[%emt 0:00:05]} 12. Qxa7+ {[%emt 0:00:02] Zeit (Lag: Av=0.69s, max=1.3s)} 1-0

[Event "Stay Safe Play From Home 152"]
[Site "T#646138Emanuel Laske"]
[Date "2020.05.17"]
[Round "8"]
[White "Weltszmerc"]
[Black "XShot"]
[Result "0-1"]
[WhiteElo "2089"]
[BlackElo "2470"]
[Annotator "TA"]
[PlyCount "128"]
[EventDate "2020.05.17"]
[EventType "swiss (blitz)"]

{[%evp 9,127,54,79,73,91,5,10,22,21,26,32,2,0,-22,-16,-10,-12,-108,-38,-57,0,0,58,60,106,50,70,66,111,25,27,-155,-186,-177,-137,-148,0,0,39,-50,-4,-63,-8,-4,-5,-81,-40,-34,-18,-193,-194,-191,-193,-225,-229,-222,-193,-276,-277,-277,-277,-277,0,-263,-221,-215,0,-334,-334,-464,-449,-1104,-1031,-1068,-1029,-973,-934,-756,-179,-163,-79,-89,-48,-813,-720,-1236,-1118,-1052,-1015,-1068,-983,-862,-663,-29979,-29980,-29980,-29981,-29982,-29982,-29982,-29982,-29982,-29983,-29984,-29985,-29985,-29986,-29986,-29987,-29987,-29988,-29990,-29991,-29991,-29991,-29994,-29995,-29995,-29996,-29999]} 1. d4 c6 2. c4 d6 3. Nc3 Nf6 4. Bf4 {[#]} Bg4 $146 ({Predecessor:} 4... g6 5. h3 Bg7 6. Nf3 O-O 7. e3 a6 8. a4 a5 9. Bd3 Na6 10. Rc1 Nb4 11. Bb1 d5 12. b3 Be6 13. Qe2 Qb6 14. O-O Qa6 15. Ng5 Bd7 {½-½ (64) Aronian,L (2784)-Huzman,A (2580) Berlin 2015}) 5. f3 Bh5 6. e4 {A53: Old Indian Defence without Nf3.} Bg6 7. e5 (7. g4 $16) 7... dxe5 $11 8. dxe5 {The position is equal.} Qxd1+ 9. Rxd1 Nfd7 10. e6 fxe6 11. Bd3 Bxd3 12. Rxd3 Na6 13. a3 (13. Nh3 $11 {keeps the balance.}) 13... O-O-O (13... Nb6 $17 14. Ne4 Nxc4) 14. b4 e5 (14... g6 $15) 15. Be3 e4 (15... Nb6 $11 16. Rxd8+ Kxd8) 16. Nxe4 $14 e6 17. Ne2 (17. Ng5 $16) 17... Be7 18. O-O Ne5 19. Rxd8+ (19. Rc3 $1 $16) 19... Rxd8 $11 20. Nd4 $2 ({Better is} 20. Rc1 $1 $11) 20... Nxc4 $17 {[%mdl 64] Double Attack} 21. Bf2 e5 22. Nf5 {[#]} Bf6 (22... Bf8 $1 $17 23. Bxa7 Rd3) 23. Bxa7 $11 Nc7 24. Kf2 ({White should play} 24. Rc1 $14 b5 25. a4) 24... b5 25. Ke2 (25. Ra1 $11) 25... Kb7 (25... Nd5 $15) 26. Bc5 Nd5 27. Ned6+ (27. Ra1 $11) 27... Nxd6 28. Nxd6+ Kc7 29. Kd3 $2 (29. Ne4 $11) 29... Rxd6 $19 30. Bxd6+ Kxd6 31. g3 Nb6 32. Rd1 Ke6 33. Ke4 (33. Rc1 {is a better defense.} Kd6 34. Ke2) 33... Nc4 34. Rd3 Nd6+ 35. Ke3 {[#]} Nc4+ $2 (35... e4 $1 $19 36. fxe4 Nc4+ 37. Ke2 h6) 36. Ke2 $2 {[%mdl 8192]} (36. Ke4 $11 {and White stays safe.}) 36... Be7 37. Rc3 Kd5 $2 (37... Kd7 $19 {Hoping for ...h6.} 38. a4 Bxb4) 38. Kd3 $2 {[%mdl 8192]} (38. Rd3+ $1 $11 {and White has nothing to worry.} Ke6 39. Rc3) 38... c5 39. bxc5 Bxc5 40. a4 (40. Kc2 $142 Nxa3+ 41. Kb3) 40... Nb2+ 41. Kc2 Nxa4 42. Rd3+ Bd4 43. Rb3 Nc5 $2 (43... Kc4 {aiming for ...b4.} 44. Ra3 Nc5) 44. Rxb5 Kc6 (44... Bg1 $19 {is more deadly.} 45. h3 Kc4) 45. Rb8 e4 46. Rg8 $2 {[%mdl 8192] White is now going downhill.} (46. fxe4 $15 Nxe4 47. Kd3) 46... exf3 {( -> ...f2)} 47. Kd1 Nd3 48. Rf8 Ne5 49. Ke1 f2+ 50. Ke2 Kd5 51. Rxf2 Bxf2 {Black mates.} 52. Kxf2 {[%mdl 4096] Endgame KN-KPP} Ke4 53. h3 g6 54. Ke2 h6 55. Kf2 g5 56. Ke2 g4 57. hxg4 Nxg4 {KN-KP} 58. Kf1 Kf3 59. Kg1 Kxg3 60. Kh1 h5 61. Kg1 h4 62. Kh1 h3 63. Kg1 h2+ 64. Kh1 Nf2# {Accuracy: White = 38%, Black = 54%.} 0-1

[Event "Stay Safe Play From Home 152"]
[Site "T#646138Emanuel Laske"]
[Date "2020.05.17"]
[Round "8"]
[White "Castlingarrocco"]
[Black "Sfantul321"]
[Result "1-0"]
[WhiteElo "2036"]
[BlackElo "2050"]
[Annotator "NA"]
[PlyCount "91"]
[EventDate "2020.05.17"]
[EventType "swiss (blitz)"]

1. d4 {[%emt 0:00:01]} c5 {[%emt 0:00:00]} 2. e3 {[%emt 0:00:00]} cxd4 {[%emt 0:00:01]} 3. exd4 {[%emt 0:00:00]} d5 {[%emt 0:00:00]} 4. c3 {[%emt 0:00:00]} Nc6 {[%emt 0:00:00]} 5. f4 {[%emt 0:00:00]} Bf5 {[%emt 0:00:02]} 6. Nf3 {[%emt 0:00:00]} Nf6 {[%emt 0:00:01]} 7. Bd3 {[%emt 0:00:01]} Bxd3 {[%emt 0:00:01]} 8. Qxd3 {[%emt 0:00:00]} e6 {[%emt 0:00:00]} 9. Qe2 {[%emt 0:00:00]} Bd6 {[%emt 0:00:00]} 10. Ne5 {[%emt 0:00:00]} O-O {[%emt 0:00:01]} 11. O-O {[%emt 0:00:00]} Qc7 {[%emt 0:00:01]} 12. Nd2 {[%emt 0:00:01]} Nd7 {[%emt 0:00:01]} 13. Rf3 {[%emt 0:00:01]} Rae8 {[%emt 0:00:01]} 14. Rh3 {[%emt 0:00:02]} h6 {[%emt 0:00:03]} 15. g4 {[%emt 0:00:01]} f6 {[%emt 0:00:02]} 16. Ng6 {[%emt 0:00:01]} Rf7 {[%emt 0:00:00]} 17. g5 {[%emt 0:00:01]} Bxf4 {[%emt 0:00:03]} 18. gxh6 {[%emt 0:00:01]} Bxh6 {[%emt 0:00:02]} 19. Rxh6 {[%emt 0:00:01]} gxh6 {[%emt 0:00:01]} 20. Qh5 {[%emt 0:00:01]} Rg7 {[%emt 0:00:01]} 21. Qxh6 {[%emt 0:00:01]} Nf8 {[%emt 0:00:01]} 22. Qh8+ {[%emt 0:00:02]} Kf7 {[%emt 0:00:02]} 23. Nf3 {[%emt 0:00:07]} Rxg6+ {[%emt 0:00:01]} 24. Kf2 {[%emt 0:00:01]} e5 {[%emt 0:00:03]} 25. Qh5 {[%emt 0:00:01]} Kg7 {[%emt 0:00:05]} 26. Bd2 {[%emt 0:00:02]} exd4 {[%emt 0:00:02]} 27. Nh4 {[%emt 0:00:01]} Rh6 {[%emt 0:00:01]} 28. Bxh6+ {[%emt 0:00:01]} Kh7 {[%emt 0:00:01]} 29. Bxf8+ {[%emt 0:00:02]} Kg8 {[%emt 0:00:01]} 30. Bh6 {[%emt 0:00:02]} Qe7 {[%emt 0:00:03]} 31. Qg6+ {[%emt 0:00:01]} Kh8 {[%emt 0:00:01]} 32. Nf5 {[%emt 0:00:01]} Qe2+ {[%emt 0:00:01]} 33. Kg3 {[%emt 0:00:00]} Qe5+ {[%emt 0:00:03]} 34. Bf4 {[%emt 0:00:02]} Rg8 {[%emt 0:00:06]} 35. Qxg8+ {[%emt 0:00:02]} Kxg8 {[%emt 0:00:01]} 36. Bxe5 {[%emt 0:00:00]} fxe5 {[%emt 0:00:00]} 37. cxd4 {[%emt 0:00:01]} e4 {[%emt 0:00:00]} 38. Kf4 {[%emt 0:00:01]} Nb4 {[%emt 0:00:01]} 39. Ne3 {[%emt 0:00:01]} Nc2 {[%emt 0:00:01]} 40. Nxc2 {[%emt 0:00:01]} e3 {[%emt 0:00:01]} 41. Nxe3 {[%emt 0:00:00]} b6 {[%emt 0:00:03]} 42. Nxd5 {[%emt 0:00:00]} Kf7 {[%emt 0:00:01]} 43. Rg1 {[%emt 0:00:01]} Ke6 {[%emt 0:00:01]} 44. Ke4 {[%emt 0:00:01]} Kd6 {[%emt 0:00:00]} 45. Rg6+ {[%emt 0:00:02]} Kd7 {[%emt 0:00:00]} 46. h4 {[%emt 0:00:00] Time} 1-0

[Event "Stay Safe Play From Home 152"]
[Site "T#646138Emanuel Laske"]
[Date "2020.05.17"]
[Round "8"]
[White "MartinKestler"]
[Black "Fischer_11"]
[Result "0-1"]
[WhiteElo "1939"]
[BlackElo "2026"]
[Annotator "NA"]
[PlyCount "126"]
[EventDate "2020.05.17"]
[EventType "swiss (blitz)"]

1. Nf3 {[%emt 0:00:01]} Nf6 {[%emt 0:00:01]} 2. b3 {[%emt 0:00:00]} e6 {[%emt 0:00:01]} 3. Bb2 {[%emt 0:00:00]} d5 {[%emt 0:00:00]} 4. e3 {[%emt 0:00:00]} Be7 {[%emt 0:00:00]} 5. d4 {[%emt 0:00:00]} O-O {[%emt 0:00:00]} 6. Be2 {[%emt 0:00:00]} c5 {[%emt 0:00:00]} 7. O-O {[%emt 0:00:00]} cxd4 {[%emt 0:00:00]} 8. exd4 {[%emt 0:00:01]} Nc6 {[%emt 0:00:00]} 9. Nbd2 {[%emt 0:00:01]} a6 {[%emt 0:00:00]} 10. c4 {[%emt 0:00:00]} b5 {[%emt 0:00:00]} 11. cxd5 {[%emt 0:00:00]} Nxd5 {[%emt 0:00:01]} 12. h3 {[%emt 0:00:00]} Bb7 {[%emt 0:00:02]} 13. g3 {[%emt 0:00:00]} Rc8 {[%emt 0:00:00]} 14. a3 {[%emt 0:00:00]} Na5 {[%emt 0:00:02]} 15. Ne5 {[%emt 0:00:03]} Nc3 {[%emt 0:00:03]} 16. Bxc3 {[%emt 0:00:01]} Rxc3 {[%emt 0:00:00]} 17. b4 {[%emt 0:00:01]} Nc6 {[%emt 0:00:10]} 18. Nxc6 {[%emt 0:00:04]} Bxc6 {[%emt 0:00:00]} 19. Nf3 {[%emt 0:00:02]} Qd5 {[%emt 0:00:04]} 20. Rc1 {[%emt 0:00:02]} Rxf3 {[%emt 0:00:04]} 21. Bxf3 {[%emt 0:00:00]} Qxf3 {[%emt 0:00:02]} 22. Qxf3 {[%emt 0:00:01]} Bxf3 {[%emt 0:00:00]} 23. Rc7 {[%emt 0:00:01]} Bf6 {[%emt 0:00:02]} 24. Ra7 {[%emt 0:00:01]} Bxd4 {[%emt 0:00:02]} 25. Rxa6 {[%emt 0:00:01]} g6 {[%emt 0:00:01]} 26. Ra5 {[%emt 0:00:01]} Bf6 {[%emt 0:00:03]} 27. Rxb5 {[%emt 0:00:02]} Be2 {[%emt 0:00:01]} 28. Rc5 {[%emt 0:00:02]} Bxf1 {[%emt 0:00:01]} 29. Kxf1 {[%emt 0:00:00]} Ra8 {[%emt 0:00:01]} 30. Ra5 {[%emt 0:00:03]} Rxa5 {[%emt 0:00:01]} 31. bxa5 {[%emt 0:00:00]} Kf8 {[%emt 0:00:01]} 32. a6 {[%emt 0:00:01]} Bd4 {[%emt 0:00:00]} 33. Ke2 {[%emt 0:00:01]} Ke7 {[%emt 0:00:00]} 34. Kd3 {[%emt 0:00:00]} Bxf2 {[%emt 0:00:01]} 35. g4 {[%emt 0:00:01]} Kd7 {[%emt 0:00:00]} 36. Kc4 {[%emt 0:00:00]} f6 {[%emt 0:00:01]} 37. h4 {[%emt 0:00:01]} Kc6 {[%emt 0:00:02]} 38. h5 {[%emt 0:00:01]} gxh5 {[%emt 0:00:01]} 39. gxh5 {[%emt 0:00:00]} f5 {[%emt 0:00:00]} 40. a7 {[%emt 0:00:04]} Bxa7 {[%emt 0:00:00]} 41. a4 {[%emt 0:00:01]} e5 {[%emt 0:00:01]} 42. Kd3 {[%emt 0:00:00]} e4+ {[%emt 0:00:01]} 43. Ke2 {[%emt 0:00:00]} Kd5 {[%emt 0:00:00]} 44. Kf1 {[%emt 0:00:00]} Ke5 {[%emt 0:00:00]} 45. Ke2 {[%emt 0:00:00]} f4 {[%emt 0:00:00]} 46. Kf1 {[%emt 0:00:00]} f3 {[%emt 0:00:00]} 47. Ke1 {[%emt 0:00:00]} e3 {[%emt 0:00:00]} 48. Kd1 {[%emt 0:00:01]} e2+ {[%emt 0:00:00]} 49. Kd2 {[%emt 0:00:01]} Bb6 {[%emt 0:00:00]} 50. h6 {[%emt 0:00:02]} Ba5+ {[%emt 0:00:00]} 51. Ke3 {[%emt 0:00:01]} e1=Q+ {[%emt 0:00:00]} 52. Kxf3 {[%emt 0:00:00]} Qh1+ {[%emt 0:00:00]} 53. Kg3 {[%emt 0:00:01]} Qxh6 {[%emt 0:00:00]} 54. Kf2 {[%emt 0:00:00]} Qc6 {[%emt 0:00:00]} 55. Ke2 {[%emt 0:00:00]} Qxa4 {[%emt 0:00:00]} 56. Ke3 {[%emt 0:00:00]} Qd4+ {[%emt 0:00:01]} 57. Kf3 {[%emt 0:00:01]} Qe4+ {[%emt 0:00:00]} 58. Kg3 {[%emt 0:00:01]} Qf4+ {[%emt 0:00:00]} 59. Kg2 {[%emt 0:00:01]} Qe3 {[%emt 0:00:01]} 60. Kh2 {[%emt 0:00:01]} Kf4 {[%emt 0:00:00]} 61. Kh1 {[%emt 0:00:01]} Qd2 {[%emt 0:00:00]} 62. Kg1 {[%emt 0:00:01]} Kg3 {[%emt 0:00:00]} 63. Kh1 {[%emt 0:00:00]} Qg2# {[%emt 0:00:00] (Lag: Av=0.48s, max=1.1s)} 0-1